[Event "Borsod-chT2 1415"]
[Site "Hungary"]
[Date "2014.10.26"]
[Round "2.5"]
[White "Bondar, Elek"]
[Black "Kertesz, Zoltan"]
[Result "1/2-1/2"]
[WhiteElo "1579"]
[BlackElo "1767"]
[PlyCount "40"]
[EventDate "2014.09.28"]
[EventType "team-tourn"]
[EventRounds "7"]
[EventCountry "HUN"]
[SourceTitle "EXT 2016"]
[Source "ChessBase"]
[SourceDate "2015.10.08"]
[SourceVersion "1"]
[SourceVersionDate "2015.10.08"]
[SourceQuality "1"]
[WhiteTeam "Encs"]
[BlackTeam "Szendro"]
[WhiteTeamCountry "HUN"]
[BlackTeamCountry "HUN"]

1. b4 e6 2. Bb2 Nf6 3. a3 c5 4. b5 d5 5. e3 Be7 6. Nf3 0-0 7. c4 b6 8. Be2 Bb7 9. 0-0 Ne4 10. d3 Nd6 11. cxd5 exd5 12. a4 Nd7 13. Nbd2 a6 14. bxa6 Bxa6 15. Ne5 Nxe5 16. Bxe5 Bf6 17. Nf3 Qe7 18. Bxf6 Qxf6 19. Qb3 c4 20. Qa3 b5 1/2-1/2